Analitičeskaja geometrija i linejnaja algebra
Uložené v:
| Hlavný autor: | |
|---|---|
| Médium: | Kniha |
| Jazyk: | Russian |
| Vydavateľské údaje: |
Minsk :
Vyšejšaja škola,
1976
|
| Tagy: |
Žiadne tagy, Buďte prvý, kto otaguje tento záznam!
|
MARC
| LEADER | 00000nam a22000003a 4500 | ||
|---|---|---|---|
| 001 | stu220453 | ||
| 005 | 20150617230117.0 | ||
| 008 | 110126s1981----xxr-----------------rus-d | ||
| 040 | |a STU |b slo | ||
| 041 | 0 | |a rus | |
| 044 | |a xxr | ||
| 080 | |a 516 | ||
| 080 | |a 512.86 | ||
| 100 | 1 | |a Bakeľman, Iľja Jakovlevič |4 aut | |
| 245 | 1 | |a Analitičeskaja geometrija i linejnaja algebra | |
| 260 | |a Minsk : |b Vyšejšaja škola, |c 1976 | ||
| 300 | |a 287 s | ||
| 996 | |b E39795 |c E*39795 |l EE03 |s P |a 0 |w stu220453_0001 | ||